Statistics for All Family Guy Characters

Click here to take the quiz!

General Stats

  • This quiz has been taken 2,383 times
  • The average score is 29 of 71

Answer Stats

Answer% Correct
Peter Griffin
100%
Chris Griffin
99%
Lois Griffin
99%
Meg Griffin
99%
Stewie Griffin
99%
Brian Griffin
97%
Glenn Quagmire
95%
Joe Swanson
95%
Cleveland Brown
93%
Bonnie Swanson
88%
Carter Pewterschmidt
85%
Tom Tucker
85%
Loretta Brown
77%
Tricia Takanawa
74%
Diane Simmons
73%
Barbara Pewterschmidt
68%
Mort Goldman
68%
Herbert
67%
Ollie Williams
67%
Adam West
63%
Angela
60%
Mr Weed
56%
Neil Goldman
56%
Opie
55%
Giant Chicken
46%
Seamus
44%
Jasper
43%
Connie D'Amico
42%
Kevin Swanson
42%
Joyce Kinney
39%
Muriel Goldman
39%
Greased-up Deaf Guy
37%
Dr Hartman
35%
Evil Monkey
35%
Consuela
34%
James Woods
33%
Carol Pewterschmidt
32%
Suzie Swanson
32%
Francis Griffin
30%
Patrick Pewterschmidt
28%
Jerome
27%
Jillian Russell
27%
Carl
25%
Rupert
25%
Bertram
24%
Jake Tucker
24%
Bruce
23%
Death
23%
Thelma Griffin
22%
Horace
21%
Kool-Aid Man
21%
Mickey McFinnigan
18%
Vinny
13%
Dylan Flannigan
10%
Patty
10%
Al Harrington
8%
Buzz Killington
7%
Fouad
7%
Jim Kaplan
7%
Principal Shepard
7%
Ruth
7%
Biscuit
6%
Pasqual
6%
James William Bottomtooth the third
5%
Santos
5%
Paddy Tanniger
4%
Vern
3%
Barnaby
2%
Bellgarde
2%
Phineas
2%
Tomak
1%

Score Distribution

Percentile by Number Answered

Percent of People with Each Score

Your Score History

You have not taken this quiz